|
|
|
|
| LEADER |
01067nam a22002657a 4500 |
| 001 |
41263 |
| 003 |
BD-DhAAL |
| 008 |
230601r19931991enka|||| b||| 001 0 eng d |
| 020 |
|
|
|a 0553405071
|
| 020 |
|
|
|a 9780553405071
|
| 040 |
|
|
|a BD-DhAAL
|c BD-DhAAL
|
| 082 |
|
|
|a 530.1092
|
| 100 |
|
|
|a Ferguson, Kitty.
|9 36904
|
| 245 |
|
|
|a Stephen Hawking :
|b quest for a theory of everything /
|c Kitty Ferguson.
|
| 260 |
|
|
|a Toronto :
|b Bantam,
|c c1991 [reprinted 1993].
|
| 300 |
|
|
|a 192 pages :
|b illustrations ;
|c 20 cm.
|
| 504 |
|
|
|a Includes bibliographical references and index.
|
| 541 |
|
|
|a Donated By Akbar Ali Khan
|e 41263
|
| 600 |
|
|
|a Hawking, Stephen,
|d 1942-2018.
|9 54439
|
| 650 |
|
|
|a Cosmology
|v Popular works.
|9 54440
|
| 650 |
|
|
|a Physicists
|z Great Britain
|v Biography.
|9 24226
|
| 852 |
|
|
|a Ayesha Abed Library
|c Akbar Ali Khan Collection
|
| 942 |
|
|
|2 ddc
|c BK
|
| 999 |
|
|
|c 45838
|d 45838
|
| 952 |
|
|
|0 0
|1 0
|2 ddc
|4 0
|6 530_109200000000000_FER
|7 1
|9 73723
|a BRACUL
|b BRACUL
|c AAKC
|d 2023-06-01
|e Donated By Akbar Ali Khan
|g 800.00
|l 0
|o 530.1092 FER
|p 3010041263
|r 2023-06-01
|t 1
|w 2023-06-01
|y BK
|x £5.99
|